000 00578nam a2200193 i 4500
001 40477
003 ES-MaACL
005 20230906160230.0
007 t|
008 030306s1952 sp ||||1| spa d
100 1 _aCardona, Osvald.
_935182
245 1 3 _aLa poesía eucarística a Catalunya después de Verdaguer /
_cOsvald Cardona.
260 _aBarcelona :
_bBarcino,
_c1952 (
_fAriel)
300 _a78 p. ;
_c20 cm.
490 1 _aLa Revista. Segona ;
_v7
830 0 _aLa Revista. Segona ;
_v7
_9229747
852 _aES-MaACL
_jD-8263
_bR.32576
999 _c40477
_d40477